Y a-t-il un avenir pour l’Afghanistan ? (notice n° 1627838)

détails MARC
000 -LEADER
fixed length control field 01149cam a2200193 4500500
005 - DATE AND TIME OF LATEST TRANSACTION
control field 20260111094041.0
041 ## - LANGUAGE CODE
Language code of text/sound track or separate title fre
042 ## - AUTHENTICATION CODE
Authentication code dc
100 10 - MAIN ENTRY--PERSONAL NAME
Personal name Roy, Olivier
Relator term author
245 00 - TITLE STATEMENT
Title Y a-t-il un avenir pour l’Afghanistan ?
260 ## - PUBLICATION, DISTRIBUTION, ETC.
Date of publication, distribution, etc. 2021.<br/>
500 ## - GENERAL NOTE
General note 34
520 ## - SUMMARY, ETC.
Summary, etc. Après l’échec des Américains, les talibans peuvent construire un État stable en Afghanistan parce qu’ils sont capables de lutter contre la corruption et de négocier avec les pouvoirs locaux. Mais cela suppose qu’il n’y ait pas de nouvelle ingérence étrangère et cela se fera au détriment des femmes.
520 ## - SUMMARY, ETC.
Summary, etc. After the Americans failure, the Taliban can build a stable state in Afghanistan because they are able to fight corruption and negotiate with local authorities. However, it assumes that there will be no further foreign interference and it will come at the expense of women.
700 10 - ADDED ENTRY--PERSONAL NAME
Personal name Bayri, Haldun
Relator term author
700 10 - ADDED ENTRY--PERSONAL NAME
Personal name Régnier, Quentin
Relator term author
786 0# - DATA SOURCE ENTRY
Note Esprit | Octobre | 10 | 2021-10-04 | p. 105-113 | 0014-0759
856 41 - ELECTRONIC LOCATION AND ACCESS
Uniform Resource Identifier <a href="https://shs.cairn.info/revue-esprit-2021-10-page-105?lang=fr&redirect-ssocas=7080">https://shs.cairn.info/revue-esprit-2021-10-page-105?lang=fr&redirect-ssocas=7080</a>

Pas d'exemplaire disponible.

PLUDOC

PLUDOC est la plateforme unique et centralisée de gestion des bibliothèques physiques et numériques de Guinée administré par le CEDUST. Elle est la plus grande base de données de ressources documentaires pour les Étudiants, Enseignants chercheurs et Chercheurs de Guinée.

Adresse

627 919 101/664 919 101

25 boulevard du commerce
Kaloum, Conakry, Guinée

Réseaux sociaux

Powered by Netsen Group @ 2025